01644nam a2200325 a 4500001001200000003000800012006001900020007001500039008004100054020001800095020002700113040002100140035002100161050002700182082001800209100002400227245018600251260004400437300001100481504005100492505018700543533015200730600006500882600007700947600008601024650003601110655002901146710001701175856012601192ebr10725869CaPaEBRm o u cr cn|||||||||130716s2013 enk sb 001 0deng d z9780227174012 z9780227901960 (e-book) aCaPaEBRcCaPaEBR a(OCoLC)86071567114aPN56.5.K44bS33 2013eb04a828.912092231 aScarf, Christopher.14aThe ideal of kingship in the writings of Charles Williams, C.S. Lewis and J.R.R. Tolkienh[electronic resource] :bdivine kingship is reflected in Middle-Earth /cChristopher Scarf. aCambridge :bJames Clarke & Co.,c2013. a200 p. aIncludes bibliographical references and index.0 apt. 1. Monetary and republic -- pt. 2. The monarch and God's vicegerent -- pt. 3. Monarchy and Middle-Earth -- pt. 4. Insinuated republic-- constitutional monarchy-- king in council. aElectronic reproduction.bPalo Alto, Calif. :cebrary,d2013.nAvailable via World Wide Web.nAccess may be limited to ebrary affiliated libraries.10aWilliams, Charles,d1886-1945xCharactersxKings and rulers.10aLewis, C. S.q(Clive Staples),d1898-1963xCharactersxKings and rulers.10aTolkien, J. R. R.q(John Ronald Reuel),d1892-1973xCharactersxKings and rulers. 0aKings and rulers in literature. 7aElectronic books.2local2 aebrary, Inc.40uhttp://site.ebrary.com/lib/rucke/Doc?id=10725869zAn electronic book accessible through the World Wide Web; click to view